Nový výkladový slovník výpočetní techniky /

Na minha lista:
Detalhes bibliográficos
Autor principal: Hlavenka, Jiří (Author)
Formato: Livro
Idioma:tcheco
Publicado em: Praha : Computer Press
Edição:2.opr.vyd.
Assuntos:
Tags: Adicionar Tag
Sem tags, seja o primeiro a adicionar uma tag!

MARC

LEADER 00000nam a22000003a 4500
001 stu8716
005 20150617225807.6
008 960403s--------xr------------------cze-d
020 |a 80-85896-13-3 
040 |a STU  |b slo 
041 0 |a cze 
044 |a xr 
080 |a 681.3(038) 
100 1 |a Hlavenka, Jiří  |4 aut 
245 1 |a Nový výkladový slovník výpočetní techniky /  |c [aut.] Hlavenka,Jiří 
250 |a 2.opr.vyd. 
260 |a Praha :  |b Computer Press 
300 |a 275 s 
650 7 |a výpočtová technika  |2 stusub 
996 |b I5014  |c I*5014  |l II680  |s A  |a 24  |w stu8716_0001 
996 |b 284EK08087  |c E*80531  |l EE01  |s A  |a 24  |w stu8716_0002